| 000 | 00666nam a2200217 i 4500 | ||
|---|---|---|---|
| 001 | 25063 | ||
| 003 | BD-RjUL | ||
| 005 | 20211209050826.0 | ||
| 008 | 140316s1984 kn 000 0 eng d | ||
| 035 | _a(BD-RjUL)25132 | ||
| 040 |
_aSHS _erda _cSHS _dOCLCQ _dUkOxU _dBD-RjUL _beng |
||
| 041 | _aeng | ||
| 082 |
_a951.93043 _bKIM V-17 1984 |
||
| 100 | 1 |
_aKim, Il Sung _d1912-1994. _977034 |
|
| 245 | 1 | 0 |
_aKim Il Sung. _bWorks / _cIl Sung Kim. _n17. _pJanuary - December 1963. |
| 260 |
_aPyongyang : _bForeign Languages Publishing House, _c1984. |
||
| 300 |
_a473 p. : _bill. ; _c21 cm |
||
| 600 | 1 | 0 |
_aKim, Il-sŏng, _d1912-1994. _9116785 |
| 942 |
_2ddc _cBK |
||
| 999 |
_c25063 _d25063 |
||